<?xml version="1.0" encoding="UTF-8"?>
<collection xmlns="http://www.loc.gov/MARC21/slim">
<record>
  <controlfield tag="001">1883</controlfield>
  <controlfield tag="005">20160701171654.0</controlfield>
  <datafield tag="037" ind1=" " ind2=" ">
    <subfield code="a">ASTROimport-40</subfield>
  </datafield>
  <datafield tag="100" ind1=" " ind2=" ">
    <subfield code="a">Carette, E.</subfield>
  </datafield>
  <datafield tag="260" ind1=" " ind2=" ">
    <subfield code="c">1995</subfield>
  </datafield>
  <datafield tag="245" ind1=" " ind2=" ">
    <subfield code="a">γ Circinus: a young visual binary with pre-main-sequence component(s)?</subfield>
  </datafield>
  <datafield tag="520" ind1=" " ind2=" ">
    <subfield code="a">An analysis of the evolutionary stage of the bright, close visual pair γ Cir is given. From the observed spectral types and apparent visual magnitudes of the components and the comparison with stellar evolutionary computations we deduce that the members of this system, discovered in 1835, cannot both be evolving rightward in the Hertzprung-Russell diagram: at least the F8 component is a pre-main sequence object. On the other hand, a re-analysis of all available astrometric data shows that the observations can be fitted either by rectilinear or elliptical motion. Very accurate data collected during several more years would be needed to distinguish between both. However, should the binary nature be confirmed in the future, then - according to considerations based on stellar evolution - γ Cir appears to be a pre-main sequence binary system. </subfield>
  </datafield>
  <datafield tag="700" ind1=" " ind2=" ">
    <subfield code="a"> De Greve, J. P.</subfield>
  </datafield>
  <datafield tag="700" ind1=" " ind2=" ">
    <subfield code="a"> van Rensbergen, W.</subfield>
  </datafield>
  <datafield tag="700" ind1=" " ind2=" ">
    <subfield code="a"> Lampens, P.</subfield>
  </datafield>
  <datafield tag="773" ind1=" " ind2=" ">
    <subfield code="p">Astronomy and Astrophysics</subfield>
    <subfield code="v">296</subfield>
    <subfield code="y">1995</subfield>
    <subfield code="c">139</subfield>
  </datafield>
  <datafield tag="856" ind1="4" ind2="2">
    <subfield code="a">http://esoads.eso.org/abs/1995A%26A...296..139C</subfield>
  </datafield>
  <datafield tag="905" ind1=" " ind2=" ">
    <subfield code="a">published in</subfield>
  </datafield>
  <datafield tag="980" ind1=" " ind2=" ">
    <subfield code="a">REFERD</subfield>
  </datafield>
</record>
</collection>